Les merveilles de la science: ou description populaire des inventions modernes.

Uloženo v:
Podrobná bibliografie
Hlavní autor: Figuier, Louis
Médium: Kniha
Jazyk:španělština
Vydáno: París, Francia Furne, Jouvet 1900
Témata:
Tagy: Přidat tag
Žádné tagy, Buďte první, kdo vytvoří štítek k tomuto záznamu!

MARC

LEADER 00000nam a2200000 a 4500
001 UCH8965
003 CL-VaPUC
005 20240628113514.0
008 091217e19000000FR |||||||||||||||||spa|d
999 |c 339044  |d 339042 
040 |c Pontificia Universidad Católica de Valparaíso 
082 0 4 |a 608 FIG 1900  |2 21 
100 0 |a Figuier, Louis  |9 545748 
245 1 4 |a Les merveilles de la science: ou description populaire des inventions modernes. 
260 0 3 |a París, Francia  |b Furne, Jouvet  |c 1900 
300 |a 4 tomos. 
583 |a last modification  |c 20091217 00:00:00  |k Rodrigo Vera 
650 7 |a INVENTOS  |2 CL-VaPUC  |9 266077 
650 0 |a Desarrollo científico  |9 259799 
650 7 |a INVENTORES  |2 CL-VaPUC  |9 314937 
650 0 |a Historia de la tecnología  |9 266115 
650 0 |a Cambio tecnológico  |9 334821 
650 0 |a Investigación científica  |9 259857 
942 |c BK  |2 ddc 
945 |d 20091217 00:00:00  |a rbrito 
952 |0 0  |1 0  |4 0  |6 608_000000000000000_FIG_1900  |7 0  |8 X  |9 432416  |a FDOBUD  |b FDOBUD  |d 2019-11-22  |h t.1  |i 4617630  |o 608 FIG 1900  |p 4617630  |r 2019-11-22  |t 1  |w 2019-11-22  |y BK_X  |k BUD 
952 |0 0  |1 0  |4 0  |6 608_000000000000000_FIG_1900  |7 0  |8 X  |9 432417  |a FDOBUD  |b FDOBUD  |d 2019-11-22  |h t.2  |i 4617649  |o 608 FIG 1900  |p 4617649  |r 2019-11-22  |t 1  |w 2019-11-22  |y BK_X  |k BUD 
952 |0 0  |1 0  |4 0  |6 608_000000000000000_FIG_1900  |7 0  |8 X  |9 432418  |a FDOBUD  |b FDOBUD  |d 2019-11-22  |h t.3  |i 4617657  |o 608 FIG 1900  |p 4617657  |r 2019-11-22  |t 1  |w 2019-11-22  |y BK_X  |k BUD 
952 |0 0  |1 0  |4 0  |6 608_000000000000000_FIG_1900  |7 0  |8 X  |9 432419  |a FDOBUD  |b FDOBUD  |d 2019-11-22  |h t.4  |i 4617665  |o 608 FIG 1900  |p 4617665  |r 2019-11-22  |t 1  |w 2019-11-22  |y BK_X  |k BUD